[Event "CIX.TR4.06"]
[Site "http://www.queenalice.com/game.php?id=537831"]
[Date "2009.2.9"]
[Round "-"]
[White "vergueiro"]
[Black "Rosberg"]
[Result "0-1"]
[WhiteElo "1541"]
[BlackElo "2273"]

1. e4 c5 2. d3 Nc6 3. Be3 Nf6 4. Nc3 e6 5. Nf3 Qb6 6. Rb1 d5 7. exd5 exd5 8. d4
cxd4 9. Nxd4 Bc5 10. Nce2 O-O 11. Nxc6 bxc6 12. Nd4 Bg4 13. Be2 Bxe2 14. Kxe2
Rae8 15. c3 Ng4 16. h3 Nxe3 17. fxe3 f5 18. b4 Bxd4 19. cxd4 f4 20. Rb3 Qa6+ 21.
Rd3 Rxe3+ 22. Kf2 Rxd3 23. Qe2 Qc4 24. Re1 Qxd4+ 25. Kf1 f3 26. gxf3 Rfxf3+ 27.
Qf2 Qxf2# 0-1

[Event "CIX.Ca2.07"]
[Site "http://www.queenalice.com/game.php?id=560836"]
[Date "2009.3.24"]
[Round "-"]
[White "raszytko"]
[Black "vergueiro"]
[Result "1-0"]
[WhiteElo "2312"]
[BlackElo "1537"]

1. d4 d5 2. c4 e6 3. Nf3 h6 4. Nc3 c6 5. e3 Bb4 6. a3 Bxc3+ 7. bxc3 Nd7 8. cxd5
cxd5 9. Bd3 Qc7 10. Bb2 Nb6 11. Ne5 Nc4 12. Nxc4 dxc4 13. Qa4+ Bd7 14. Qxc4 Rc8
15. Qxc7 Rxc7 16. c4 Ne7 17. d5 exd5 18. cxd5 Nxd5 19. Bxg7 Rg8 20. Bxh6 Rxg2
21. Be4 Nxe3 22. Bxe3 Rg7 23. Bd4 Rg4 24. f3 Rg2 25. Be5 Rc4 26. Bxb7 Rcc2 27.
Ba6 Ke7 28. Bf1 Rg8 29. Bd3 Rcg2 30. Bd4 Bc6 31. Bxa7 Bxf3 32. Rf1 Bg4 33. Bc5+
Kd8 34. Rxf7 Re8+ 35. Kf1 Rb2 36. Kg1 Rg8 37. Bh7 Re8 38. Rg7 Bh3 39. Rd1+ Kc8
40. Bd3 Re6 41. Rg3 Re5 42. Ba6+ Rb7 43. Bd6 Ra5 44. Bf4 Be6 45. Rc3+ Rc5 46.
Rxc5# 1-0

[Event "CIX.Ca2.11"]
[Site "http://www.queenalice.com/game.php?id=560848"]
[Date "2009.3.24"]
[Round "-"]
[White "vergueiro"]
[Black "lafayete2000"]
[Result "1-0"]
[WhiteElo "1535"]
[BlackElo "1637"]

1. d4 d5 2. Nc3 Nf6 3. e3 a6 4. Bd3 e6 5. Nf3 Bb4 6. O-O Bxc3 7. bxc3 O-O 8. c4
dxc4 9. Bxc4 b5 10. Bd3 Nc6 11. Qd2 Qd5 12. Bb2 Qh5 13. h3 Bb7 14. e4 g6 15. Qg5
Qxg5 16. Nxg5 Nb4 17. Rfc1 h6 18. Nf3 Nxe4 19. Ba3 Nxd3 20. cxd3 Nd6 21. Rxc7
Bxf3 22. gxf3 Rfd8 23. Rc6 Nf5 24. Rac1 Nxd4 25. Be7 Re8 26. Bf6 Nxc6 27. Rxc6
Rec8 28. Rd6 Rc1+ 29. Kg2 h5 30. d4 Rac8 31. Rxa6 Rd1 32. Rb6 Rb1 33. d5 exd5
34. a4 b4 35. a5 Ra8 36. h4 Ra1 37. Bxa1 1-0

[Event "CIX.Ca2.13"]
[Site "http://www.queenalice.com/game.php?id=560850"]
[Date "2009.3.24"]
[Round "-"]
[White "vergueiro"]
[Black "odracir"]
[Result "1-0"]
[WhiteElo "1542"]
[BlackElo "1307"]

1. d4 e6 2. Nf3 Nc6 3. e3 Nf6 4. Bd3 Bb4+ 5. c3 Bd6 6. O-O O-O 7. e4 Qe8 8. e5
Bxe5 9. dxe5 d6 10. exf6 gxf6 11. Bh6 e5 12. Nfd2 e4 13. Bxe4 d5 14. Bxd5 Ne7
15. c4 Nf5 16. Re1 Be6 17. b3 Qd8 18. Bxf8 Qxf8 19. Bxb7 Re8 20. Ne4 Qb4 21.
Nxf6+ Kf8 22. Nxe8 Kxe8 23. Bc6+ Kf8 24. Qd8+ Kg7 25. Nd2 Qc3 26. Ne4 Qb4 27.
Qg5+ Kf8 28. Rad1 h6 29. Rd8# 1-0

[Event "CIX.Ca2.14"]
[Site "http://www.queenalice.com/game.php?id=560851"]
[Date "2009.3.24"]
[Round "-"]
[White "vergueiro"]
[Black "ajaxclube"]
[Result "0-1"]
[WhiteElo "1539"]
[BlackElo "1564"]

1. d4 d5 2. Nc3 c5 3. Nb5 Qa5+ 4. Nc3 Nc6 5. Bd2 cxd4 6. Nb1 Qb6 7. Bc1 e5 8. e3
dxe3 9. fxe3 Nf6 10. Ne2 d4 11. exd4 exd4 12. c3 Bc5 13. cxd4 Bb4+ 14. Nec3 Nxd4
15. a3 Bxc3+ 16. bxc3 Nb3 17. Qe2+ Be6 18. Nd2 Nxa1 19. Qb5+ Qxb5 20. Bxb5+ Bd7
21. c4 O-O 22. O-O Rfe8 23. Bb2 Nc2 24. Rf3 Bxb5 25. cxb5 Re1+ 26. Kf2 Ng4+ 27.
Kg3 Re2 28. Bc3 Nxa3 29. Kxg4 Nxb5 30. Nb1 Rxg2+ 31. Rg3 Rxg3+ 32. Kxg3 Nxc3 33.
Nxc3 a5 34. Kf4 a4 35. Na2 a3 36. Ke4 b5 37. Kd4 Rc8 38. Kd5 Rc2 39. Nb4 Rxh2
40. Kc5 a2 41. Nxa2 Rxa2 42. Kxb5 h5 43. Kb4 h4 44. Kb3 Rg2 45. Kc3 h3 46. Kd3
h2 0-1

[Event "CIX.Ca2.15"]
[Site "http://www.queenalice.com/game.php?id=560852"]
[Date "2009.3.24"]
[Round "-"]
[White "vergueiro"]
[Black "Rosberg"]
[Result "0-1"]
[WhiteElo "1524"]
[BlackElo "2276"]

1. d4 Nf6 2. Nf3 e6 3. Bd2 d5 4. a3 Ne4 5. e3 Bd7 6. Nc3 Nc6 7. Bd3 f5 8. Ne5
Nxe5 9. dxe5 Nxd2 10. Qxd2 c6 11. O-O Be7 12. Qe2 h5 13. Na4 h4 14. h3 Qc7 15.
f4 g5 16. b3 O-O-O 17. b4 Rdg8 18. Nc5 g4 19. Nxb7 Kxb7 20. Kh2 Ka8 21. Ra2 c5
22. c3 c4 23. Bc2 Qb6 24. Rg1 gxh3 25. gxh3 Rxg1 26. Kxg1 Rg8+ 27. Kh2 Rg3 28.
Ra1 Rxe3 29. Qd2 Rxc3 30. Bxf5 exf5 31. Qxd5+ Bc6 32. Qd2 Rf3 33. Ra2 Rxh3+ 34.
Kxh3 Qg1 35. Qh2 Qg3+ 36. Qxg3 hxg3 37. Kxg3 Be4 38. Rd2 c3 39. Rd7 c2 40. Rc7
a5 41. b5 Bxa3 42. b6 c1=Q 43. Rxc1 Bxc1 44. Kf2 a4 45. Ke2 a3 46. Kd1 Bxf4 0-1

[Event "CIX.Ca2.12"]
[Site "http://www.queenalice.com/game.php?id=560853"]
[Date "2009.3.24"]
[Round "-"]
[White "vergueiro"]
[Black "raszytko"]
[Result "0-1"]
[WhiteElo "1549"]
[BlackElo "2309"]

1. d4 Nf6 2. e3 e6 3. a3 c5 4. dxc5 Bxc5 5. Bd2 Nc6 6. Nf3 d5 7. Nc3 O-O 8. Na4
Bd6 9. Be2 e5 10. O-O e4 11. Nd4 Qc7 12. g3 Nxd4 13. exd4 Qd7 14. Nc5 Qh3 15. c3
Ng4 16. Bxg4 Bxg4 17. f3 Bxg3 18. Qe2 exf3 19. Rxf3 Bxf3 20. Qxf3 Qxh2+ 21. Kf1
Qxd2 22. Qxg3 Qxb2 23. Re1 b6 24. Re2 Qb1+ 25. Qe1 Qf5+ 26. Kg2 bxc5 27. Re5
Qc2+ 28. Kf1 Rab8 29. Qe2 Qxc3 30. Rxd5 Qh3+ 31. Qg2 Rb1+ 32. Kf2 Rb2+ 33. Kf1
Qxg2+ 34. Ke1 Qh1# 0-1

[Event "CIX.Ca2.18"]
[Site "http://www.queenalice.com/game.php?id=560858"]
[Date "2009.3.24"]
[Round "-"]
[White "odracir"]
[Black "vergueiro"]
[Result "0-1"]
[WhiteElo "1291"]
[BlackElo "1547"]

1. e4 e5 2. Nf3 d6 3. Nc3 Nc6 4. Bb5 Bd7 5. Bxc6 Bxc6 6. d3 Nf6 7. Ng5 Qe7 8.
Be3 d5 9. exd5 Bxd5 10. Nxd5 Nxd5 11. Bd2 O-O-O 12. Qg4+ Qd7 13. Qxd7+ Rxd7 14.
O-O f6 15. Ne6 b6 16. Rfe1 a5 17. c4 Nb4 18. Nxf8 Rxf8 19. Bxb4 axb4 20. Red1
Rfd8 21. a4 Rxd3 22. Rxd3 Rxd3 23. f3 Rd2 24. g4 Rxb2 25. h3 Rc2 26. a5 Rxc4 27.
axb6 cxb6 28. Kf1 Rc3 29. Ra8+ Kb7 30. Rh8 h6 31. Rd8 b3 32. Rd1 Rxf3+ 33. Ke2
Rxh3 34. Kd2 e4 35. g5 hxg5 36. Ke2 g4 37. Rb1 f5 38. Kd2 e3+ 39. Kc1 e2 40. Kd2
Rh2 41. Rxb3 f4 42. Ke1 f3 43. Re3 Kc6 44. Re6+ Kc5 45. Re5+ Kd4 46. Rg5 Ke3 47.
Re5+ Kf4 48. Re7 g3 49. Rxg7 g2 50. Rf7+ Ke5 51. Kf2 e1=Q+ 52. Kxe1 g1=Q# 0-1

[Event "CIX.Ca2.28"]
[Site "http://www.queenalice.com/game.php?id=561001"]
[Date "2009.3.24"]
[Round "-"]
[White "Rosberg"]
[Black "vergueiro"]
[Result "1-0"]
[WhiteElo "2304"]
[BlackElo "1553"]

1. c4 Nc6 2. Nc3 e5 3. g3 d6 4. Bg2 Nf6 5. Nf3 Be7 6. d4 e4 7. Ng5 h6 8. Ngxe4
d5 9. cxd5 Nxd5 10. Nxd5 Bf6 11. Nexf6+ gxf6 12. Bf4 Kd7 13. Qb3 b6 14. Nxc7 Bb7
15. Qxf7+ Qe7 16. Bh3+ Kd8 17. Qd5+ Qd7 18. Qxd7# 1-0

[Event "CIX.Ca2.23"]
[Site "http://www.queenalice.com/game.php?id=561350"]
[Date "2009.3.25"]
[Round "-"]
[White "ajaxclube"]
[Black "vergueiro"]
[Result "1-0"]
[WhiteElo "1548"]
[BlackElo "1555"]

1. d4 d5 2. c4 dxc4 3. e4 b5 4. Nc3 Qd7 5. a4 Ba6 6. Nf3 f6 7. Qc2 Nc6 8. axb5
Bxb5 9. d5 Ne5 10. Nxe5 fxe5 11. Nxb5 Qxb5 12. b3 Qxb3 13. Qxb3 cxb3 14. Bb2 g6
15. Bb5+ Kd8 16. Bxe5 Rb8 17. Bxh8 Rxb5 18. Rxa7 b2 19. Bxb2 Rxb2 20. Ra8+ Kd7
21. O-O Nf6 22. Rxf8 Re2 23. f3 Nh5 24. g4 Ng7 25. Rf2 Re3 26. Kg2 e6 27. Rf7+
Kd6 28. Rxg7 exd5 29. exd5 Rd3 30. Rxh7 Rxd5 31. Rh6 Kc5 32. Rxg6 c6 33. h4 Kb5
34. Rc2 c5 35. Rg8 c4 36. Rc8 Rd4 37. Rb2+ Ka4 38. Ra8# 1-0

[Event "CIX.Ca2.02"]
[Site "http://www.queenalice.com/game.php?id=562147"]
[Date "2009.3.26"]
[Round "-"]
[White "lafayete2000"]
[Black "vergueiro"]
[Result "1-0"]
[WhiteElo "1596"]
[BlackElo "1551"]

1. Nf3 d6 2. e4 Nc6 3. d4 e5 4. d5 Nce7 5. c4 Bg4 6. h3 Bxf3 7. Qxf3 Nf6 8. Nc3
a6 9. Bg5 Ng6 10. Bxf6 Qxf6 11. Qxf6 gxf6 12. Be2 Nf4 13. O-O Bh6 14. Bg4 a5 15.
Nb5 Ke7 16. Nxc7 Rac8 17. Bxc8 Rxc8 18. Nb5 Rxc4 19. g3 Nxh3+ 20. Kg2 Ng5 21.
Rac1 Rxe4 22. Rc7+ Kf8 23. Nxd6 Re2 24. Nf5 Ke8 25. Nxh6 Rxb2 26. Rfc1 Kf8 27.
d6 Ne6 28. Rxf7+ Ke8 29. d7+ Kd8 30. Rc8# 1-0

[Event "Challenge"]
[Site "http://www.queenalice.com/game.php?id=575385"]
[Date "2009.4.21"]
[Round "-"]
[White "vinicius123"]
[Black "vergueiro"]
[Result "1-0"]
[WhiteElo "1286"]
[BlackElo "1524"]

1. e4 e5 2. Nf3 d6 3. Bc4 Qe7 4. Nc3 Be6 5. Bd5 c6 6. Bxe6 Qxe6 7. d4 Nd7 8. O-O
O-O-O 9. d5 cxd5 10. Nxd5 Nc5 11. b4 Nxe4 12. Qd3 Qd7 13. Qxe4 Be7 14. Be3 Nf6
15. Qc4+ Kb8 16. Qb3 Rhf8 17. b5 Nxd5 18. Qxd5 b6 19. a4 Rc8 20. c4 Qb7 21. Rac1
h6 22. Rfd1 g5 23. h3 f6 24. Kf1 f5 25. Nh2 f4 26. Bd2 Rc5 27. Qe6 Rf6 28. Qg4
Bf8 29. Qe2 Kc8 30. Ng4 Rf7 31. Bb4 Rcc7 32. Bxd6 Bxd6 33. Rxd6 f3 34. gxf3 Qxf3
35. Qxf3 Rxf3 36. Nxe5 Rxh3 37. Nc6 Rh1+ 38. Ke2 Rxc1 39. Rd8+ Kb7 40. Rb8# 1-0

[Event "Challenge"]
[Site "http://www.queenalice.com/game.php?id=586586"]
[Date "2009.5.11"]
[Round "-"]
[White "helokitty"]
[Black "vergueiro"]
[Result "0-1"]
[WhiteElo "1241"]
[BlackElo "1562"]

1. e4 e5 2. d4 d6 3. dxe5 dxe5 4. Bb5+ c6 5. Bc4 Nf6 6. Nf3 Nbd7 7. O-O b5 8.
Bd3 Ba6 9. Nc3 Qb6 10. Qe1 Nc5 11. Be2 Bd6 12. Ng5 h6 13. Nf3 b4 14. Nd1 Nfxe4
15. Bc4 Bxc4 16. b3 Bxf1 17. Kxf1 O-O-O 18. Be3 Kb7 19. c3 Nxc3 20. Nb2 Qb5+ 21.
Kg1 e4 22. Nd4 Qa5 23. Nc4 Qc7 24. a4 a5 25. Nf5 Rh7 26. Nfxd6+ Rxd6 27. f4 Nd3
28. Qd2 Nxf4 29. Nxd6+ Ka6 30. Bxf4 Qb6+ 31. Be3 c5 32. Nc8 Qe6 33. Qd8 Nd5 34.
Bxc5 e3 35. Rd1 e2 36. Re1 g5 37. Nb6 Nxb6 38. Rxe2 Qc6 39. Rc2 Qb7 40. Kf2 f5
41. Rd2 Rd7 42. Qf6 Rxd2+ 43. Ke3 Rxg2 44. Bd6 Qe4# 0-1

[Event "CIX.TR7.06"]
[Site "http://www.queenalice.com/game.php?id=586783"]
[Date "2009.5.11"]
[Round "-"]
[White "vergueiro"]
[Black "Rosberg"]
[Result "0-1"]
[WhiteElo "1564"]
[BlackElo "2321"]

1. Nf3 Nf6 2. Nc3 d5 3. d4 e6 4. e3 Bd6 5. Bd3 Nc6 6. Qe2 Nb4 7. a3 Nxd3+ 8.
Qxd3 c6 9. O-O a5 10. e4 dxe4 11. Nxe4 Nxe4 12. Qxe4 Qf6 13. g3 O-O 14. Bg5 Qf5
15. Qxf5 exf5 16. Rfe1 Be6 17. b3 a4 18. b4 h6 19. Bf4 Be7 20. Ne5 g5 21. Bd2
Rfe8 22. Re2 Bd6 23. Rae1 Red8 24. c3 Bd5 25. c4 Bxe5 26. cxd5 Bxd4 27. dxc6
bxc6 28. Kg2 c5 29. b5 c4 30. Rc1 Rac8 31. Bc3 Bb6 32. Re5 f4 33. Rf5 fxg3 34.
hxg3 Rd6 35. Re1 Bc5 36. Ra1 Rd3 37. Rf3 Rb8 38. Re3 Bxe3 0-1

[Event "CIX.TR7.04"]
[Site "http://www.queenalice.com/game.php?id=586963"]
[Date "2009.5.12"]
[Round "-"]
[White "BOBWINNER"]
[Black "vergueiro"]
[Result "0-1"]
[WhiteElo "1840"]
[BlackElo "1567"]

1. e4 e5 2. Nf3 d6 3. Be2 Nf6 4. d3 Be6 5. O-O Nc6 6. Bg5 Qe7 7. Nc3 O-O-O 8.
Nb5 a6 9. Na3 h6 10. Be3 d5 11. exd5 Bxd5 12. Nh4 Nb4 13. Nf5 Qe6 14. Bg4 Nxg4
15. Qxg4 g6 16. Ne7+ Bxe7 17. Qxe6+ Bxe6 18. g3 Bxa2 19. b3 g5 20. c3 Bxb3 21.
cxb4 Rxd3 22. Rac1 Bxb4 23. Nb1 Rhd8 24. h4 Be7 25. Bb6 R8d7 26. Rfe1 gxh4 27.
gxh4 Bxh4 28. Kg2 Kb8 29. Rxe5 Bd5+ 30. Kf1 cxb6 31. Nc3 Bc4 32. Kg1 f6 33. Re4
Bg5 34. Rce1 Rxc3 35. Re8+ Ka7 36. Rc8 Rd4 37. Ree8 Rc1+ 38. Kg2 Bd5+ 39. f3
Rd2+ 40. Kg3 b5 41. Ra8+ Kb6 42. Red8 Rg1+ 0-1

[Event "Desafio02"]
[Site "http://www.queenalice.com/game.php?id=598449"]
[Date "2009.6.4"]
[Round "-"]
[White "lafayete2000"]
[Black "vergueiro"]
[Result "0-1"]
[WhiteElo "1694"]
[BlackElo "1542"]

1. e4 e5 2. d4 d6 3. d5 c5 4. h3 Nf6 5. Bg5 Be7 6. Nf3 Nxe4 7. Bxe7 Qxe7 8. c3
Bd7 9. Na3 g5 10. Nb5 Na6 11. Bc4 Bxb5 12. Bxb5+ Kf8 13. Bxa6 bxa6 14. O-O h6
15. Qa4 Nf6 16. b4 Nxd5 17. bxc5 Nxc3 18. Qxa6 dxc5 19. a4 Kg7 20. Rfe1 f6 21.
Rac1 Na2 22. Qc4 Nb4 23. Qxc5 Qxc5 24. Rxc5 Rhc8 25. Rxc8 Rxc8 26. Rb1 Nd3 27.
Rb7+ Kg6 28. Rxa7 Rc1+ 29. Kh2 Nxf2 30. Ra6 Kf5 31. Ra5 Kf4 32. Ra6 Rh1# 0-1

[Event "Amistoso CIX 6"]
[Site "http://www.queenalice.com/game.php?id=599556"]
[Date "2009.6.6"]
[Round "-"]
[White "Ozimarjr"]
[Black "vergueiro"]
[Result "0-1"]
[WhiteElo "1162"]
[BlackElo "1540"]

1. e4 e5 2. Nf3 d6 3. Nc3 Nf6 4. Bb5+ Bd7 5. Ba4 a6 6. Ng5 h6 7. Nxf7 Qe7 8.
Nxh8 b5 9. Ng6 Qf7 10. Nxf8 Kxf8 11. Bb3 Be6 12. Nxb5 axb5 13. Bxe6 Qxe6 14. O-O
Nxe4 15. f4 Nc6 16. fxe5+ Ke7 17. d3 Nc5 18. Rf4 dxe5 19. Rg4 g5 20. h4 Rg8 21.
hxg5 hxg5 22. Rxg5 Rh8 23. Rg7+ Kd6 24. Qf3 Nd4 25. Bg5 Nxf3+ 26. Kf2 Nxg5 27.
Rxg5 Qf6+ 28. Kg1 Qxg5 29. Rf1 Qe3+ 30. Rf2 Qc1+ 31. Rf1 Qxc2 32. Rf6+ Kd5 33.
Rf7 Qxd3 34. Rf3 Qd4+ 35. Rf2 Nd3 36. a4 Qxf2# 0-1

[Event "Challenge"]
[Site "http://www.queenalice.com/game.php?id=599845"]
[Date "2009.6.7"]
[Round "-"]
[White "knight401"]
[Black "vergueiro"]
[Result "0-1"]
[WhiteElo "1515"]
[BlackElo "1522"]

1. e4 e5 2. Nf3 d6 3. h3 Be7 4. d3 Nf6 5. Nbd2 O-O 6. Be2 Nc6 7. O-O Be6 8. c3
Qd7 9. Qc2 d5 10. Re1 d4 11. Nf1 a5 12. Ng3 b5 13. Bg5 b4 14. a3 bxa3 15. Rxa3
Bxa3 0-1

[Event "Challenge"]
[Site "http://www.queenalice.com/game.php?id=601096"]
[Date "2009.6.10"]
[Round "-"]
[White "vergueiro"]
[Black "Salomao"]
[Result "1-0"]
[WhiteElo "1538"]
[BlackElo "1106"]

1. e4 e5 2. Nf3 d6 3. Nc3 Be6 4. b3 Nc6 5. Bb5 a6 6. Bxc6+ bxc6 7. O-O d5 8.
Nxe5 dxe4 9. Nxc6 Qd7 10. Ne5 Qd6 11. Nxf7 Bxf7 12. Nxe4 Qd4 13. Qe2 Qxa1 14.
Nd6+ Kd7 15. Nxf7 g6 16. Nxh8 Qxh8 17. Re1 Qg7 18. Qe6+ Kd8 19. Qe8# 1-0

[Event "Challenge"]
[Site "http://www.queenalice.com/game.php?id=605725"]
[Date "2009.6.18"]
[Round "-"]
[White "vergueiro"]
[Black "Salomao"]
[Result "1-0"]
[WhiteElo "1565"]
[BlackElo "1131"]

1. d4 d5 2. Nc3 Nc6 3. Bf4 Nxd4 4. Qxd4 Bf5 5. O-O-O e6 6. Nb5 a6 7. Nxc7+ Ke7
8. Nxa8 Qxa8 9. Nf3 Qc8 10. c3 Ke8 11. Nh4 Bc5 12. Qxg7 Bxf2 13. Qxh8 Kd7 14.
Qf6 Nxf6 15. e3 Bg4 16. Nf3 Qc4 17. Bxc4 e5 18. Nxe5+ Ke6 19. Bxd5+ Nxd5 20.
Nxg4 h5 21. Nxf2 Nxf4 22. exf4 Kf5 23. Rd4 b5 24. Re1 a5 25. Re5+ Kf6 26. Rd6+
Kg7 27. Rxh5 b4 28. Ne4 bxc3 29. bxc3 Kf8 30. Rd7 Ke8 31. Nf6+ Kf8 32. Rg5 a4
33. Rg8# 1-0

[Event "Challenge"]
[Site "http://www.queenalice.com/game.php?id=615582"]
[Date "2009.7.8"]
[Round "-"]
[White "Salomao"]
[Black "vergueiro"]
[Result "0-1"]
[WhiteElo "1143"]
[BlackElo "1594"]

1. e3 e5 2. Bd3 Qe7 3. Nc3 Nf6 4. a4 Nc6 5. Nf3 e4 6. Nxe4 Nxe4 7. Bxe4 Qxe4 8.
d3 Qe7 9. a5 a6 10. Ra4 d5 11. e4 Bd7 12. O-O dxe4 13. Rxe4 Be6 14. Nd4 Nxd4 15.
Rxd4 Qf6 16. c3 Rd8 17. Qa4+ Rd7 18. Re1 Bd6 19. Bf4 O-O 20. h3 Qe7 21. Bg3 c6
22. b4 Qg5 23. Bxd6 Bxh3 24. Bg3 Rxd4 25. cxd4 Qd2 26. Qa1 Qxd3 0-1

[Event "Vergueiro x Vergueiro"]
[Site "http://www.queenalice.com/game.php?id=848154"]
[Date "2010.10.19"]
[Round "-"]
[White "hgvergueiro"]
[Black "vergueiro"]
[Result "1-0"]
[WhiteElo "1465"]
[BlackElo "1604"]

1. a3 e5 2. b4 d6 3. d3 Qf6 4. f3 Nh6 5. g3 Bd7 6. Bb2 b5 7. f4 Ng4 8. Qd2 g6 9.
h3 Nh6 10. Bg2 Bc6 11. e4 Nd7 12. Nc3 Bg7 13. Nd5 1-0